EPIC The Musical : The Horse and the Infant - Statistiques

Statistiques générales
  • Ce quiz a été pris 81 fois
    67 depuis la dernière actualisation
  • Le résultat moyen est 370 sur 437
Statistiques - réponses
Hint Réponse % Correct
| Zeus A
100%
a
100%
my
100%
of
100%
Of
100%
the
100%
Zeus The
100%
an
97%
kill
97%
make
97%
Odysseus Make
97%
no
97%
on
97%
to
97%
who
97%
Who
97%
you
97%
You
97%
your
97%
Your
97%
Do
95%
do
95%
for?
95%
for
95%
he
95%
Zeus He
95%
Hector
95%
| Odysseus | Zeus I
95%
infant
95%
is
95%
it
95%
just
95%
me
95%
son
95%
us
95%
we
95%
will
95%
and
92%
And
92%
be
92%
boy
92%
brothers,
92%
brothers
92%
Can
92%
can
92%
closely
92%
don't
92%
don′t
92%
Fight
92%
fight
92%
go
92%
Odysseus It's
92%
It′s
92%
listen
92%
| Odysseus Penelope
92%
ready
92%
slay
92%
that
92%
that?
92%
Think
92%
think
92%
Zeus This
92%
this
92%
this,
92%
years
92%
children
89%
goodbye
89%
him
89%
Odysseus I′m
89%
I'm
89%
now
89%
now,
89%
One
89%
one
89%
ones
89%
own
89%
pay
89%
Prince
89%
raise
89%
| Odysseus Telemachus
89%
Ten
89%
Tonight,
89%
Odysseus Alright,
86%
as
86%
avenge
86%
been
86%
could
86%
gods
86%
her
86%
say,
86%
Odysseus Say
86%
say
86%
sir!
86%
what
86%
| Soldiers What
86%
Soldiers Yes,
86%
you're
86%
you′re
86%
at
84%
attack
84%
Odysseus Attack!
84%
But
84%
from
84%
grow
84%
have
84%
how
84%
know
84%
Know
84%
little
84%
live
84%
mission
84%
see
84%
Trojans
84%
vision
84%
war,
84%
was
84%
we'll
84%
well
84%
where
84%
wonder
84%
you′ve
84%
again
81%
avenger
81%
blood
81%
cannot
81%
hands
81%
If
81%
killed
81%
lead
81%
please
81%
Odysseus Please
81%
slowly
81%
someone's
81%
them
81%
you′ll
81%
you'll
81%
All
78%
charge
78%
come,
78%
home
78%
knees
78%
more
78%
something
78%
stay
78%
Odysseus Tell
78%
way
78%
won′t
78%
age
76%
Ajax
76%
avoid?
76%
back
76%
by
76%
choose
76%
end
76%
far
76%
father,
76%
here
76%
Odysseus Or
76%
protect
76%
whose
76%
away
73%
other
73%
right
73%
run
73%
sure
73%
take
73%
very
73%
with
73%
wives
73%
any
70%
consumed
70%
families
70%
Helen
70%
his
70%
known
70%
lose
70%
never
70%
none
70%
past
70%
rage
70%
still
70%
threat
70%
wish
70%
before
68%
does
68%
growing
68%
Zeus He′ll
68%
only
68%
pride
68%
save
68%
secure
68%
send
68%
sort
68%
They're
68%
they′ve
68%
try
68%
Use
68%
begging
65%
city
65%
Odysseus Find
65%
find
65%
foe
65%
guards
65%
imminent
65%
Nestor,
65%
old
65%
than
65%
Troy′s
65%
yet
65%
Agamemnon
62%
anyone
62%
burn
62%
faced
62%
house
62%
pose,
62%
Unlike
62%
yourself
62%
Ask
59%
inside
59%
left
59%
Neo,
59%
our
59%
Through
59%
through
59%
dealt
57%
Odysseus Diomedes
57%
Zeus Oh,
57%
outrun
57%
flank
54%
inner
54%
large
54%
shoot
54%
throne
54%
wherever
54%
ambush
51%
bleed
51%
every
51%
Odysseus I'd
51%
let
51%
Menelaus
51%
whole
51%
gates
49%
rather
49%
Teucer
49%
Down
43%
pain
43%
strength
43%
fueled
30%
mates
30%
Aucun quiz correspondant
Distribution des résultats
% des personnes avec chaque résultat
Percentile par nombre de réponses
Votre historique - résultats
Vous n’avez pas pris ce quiz depuis la dernière actualisation